| 000 | 005040000a22001930004500 | ||
|---|---|---|---|
| 001 | 003217 | ||
| 003 | MACL | ||
| 005 | 20150911120143.0 | ||
| 008 | 150911b xxu||||| |||| 00| 0 eng d | ||
| 040 |
_aMACL _cMACL |
||
| 041 | _aEnglish | ||
| 082 | _a823/CHA | ||
| 100 |
_aChoudhuri, Amit _910053 |
||
| 245 |
_aSmall Orange Flags _bOn Living During A State Of Emergency _cAmit Choudhuri |
||
| 260 |
_aCalcutta _c2004 _bSeagull Books, |
||
| 350 | _a150 | ||
| 650 |
_aFiction _910054 |
||
| 942 |
_k823 _cBK _2ddc |
||
| 999 |
_c15123 _d15123 |
||